00561cam a22001574a 4500001000800000005001700008008004100025020001800066050002700084082001700111100001800128245010200146260005200248300006600300650003700366404745520241106171354.0990211s2000 njua 001 0 eng  a978013917899300aQA76.73.J38bG662 200000a005.13/32211 aGoody, Roy W.10aIntroduction to J++ (Version 6.0) :bapplications and applets, JDK 1.2 compliant /cRoy W. Goody. aUpper Saddle River, NJ :bPrentice Hall,c2000. axxi, 490 p. :bill. ;c28 cm. +e2 computer disks (3 1/2 in.) 0aJava (Computer program language)